000 00691nam a2200289Ia 4500
005 20260324131904.0
008 008 260324s9999 xx 000 0 eng d
020 _a9781849772716
037 _aEBOOK
040 _aCRL
040 _beng
040 _cCRL
041 _2eng
041 _aeng
084 _qCRL
100 _aBob Gibson; Selma Hassan; James Tansey
_91187224
245 0 _aSustainability Assessment
245 0 _bCriteria and Processes
260 _bTaylor and Francis
260 _c2005
365 _a
365 _b240
856 _uhttp://www.taylorfrancis.com/books/9781849772716
942 _cEBOOK
999 _c1784791
_d1784791